Khám phá những bí ẩn châu Mỹ, châu Phi và châu Úc
Saved in:
| Main Author: | |
|---|---|
| Format: | Book |
| Language: | Undetermined |
| Published: |
Hà Nội
Văn hóa Thông tin
2004
|
| Subjects: | |
| Tags: |
Add Tag
No Tags, Be the first to tag this record!
|
| Institutions: | Trung tâm Học liệu Trường Đại học Cần Thơ |
|---|
| LEADER | 00587nam a2200193Ia 4500 | ||
|---|---|---|---|
| 001 | CTU_74767 | ||
| 008 | 210402s9999 xx 000 0 und d | ||
| 020 | |c 27500 | ||
| 082 | |a 938 | ||
| 082 | |b H107/T.2 | ||
| 100 | |a Lưu, Hạnh | ||
| 245 | 0 | |a Khám phá những bí ẩn châu Mỹ, châu Phi và châu Úc | |
| 245 | 0 | |c Lưu Hạnh; Nguyễn Hồng Lân biên dịch | |
| 260 | |a Hà Nội | ||
| 260 | |b Văn hóa Thông tin | ||
| 260 | |c 2004 | ||
| 650 | |a History, ancient | ||
| 904 | |i Minh | ||
| 980 | |a Trung tâm Học liệu Trường Đại học Cần Thơ | ||